Lil Tecca Albums - Statistics

General Stats
  • This quiz has been taken 54 times
  • The average score is 5 of 5
Answer Stats
Release Album % Correct
2025 DOPAMINE
98%
2024 PLAN A
93%
2023 TEC
93%
2021 We Love You Tecca 2
86%
2020 Virgo World
81%
No matching quizzes found
Score Distribution
Percent of People with Each Score
Percentile by Number Answered
Your Score History
You have not taken this quiz